000 00796 a2200181 4500
003 NUST
005 20251104195117.0
040 _cNust
082 _a621.382,JUN
100 _aJunaid, Muhammad (TE-48)
_9131590
245 _aAutomatic Alignment of Microwave Dish Antennas /
_cCapt Muhammad Junaid, Capt Yasir Mehmood and Capt Ali Javed
260 _aRawalpindi
_bMCS (NUST)
_cJune 2015
300 _av,32 p.;
505 _aProject Description (Page-1) Scope, Specification and Deliverable of the Project (Page-4) Literature Review (Page-5) Automation Control (Page-10) Design and Development (Page-12) Project Analysis and Evaluation (Page-21) Recommendation for Future Work(Page-24) Conclusion (Page-25)
650 _aUG Project
_9131132
651 _aTE-48
_9131591
942 _cPR
_2ddc
999 _c217232
_d217232